Rozdielne názory na komerčnú činnosť školy na Strojníckej fakulte STU

Rozvoj komerčných aktivít výpočtového strediska Strojníckej fakulty STU Bratislava. Vytvorenie autorizovaného školiaceho strediska s vybavením americkej firmy Autodesk, program AutoCAD, firmy Microsoft, vytvorenie CAD učebne vybavenej 5 stanicami Silicon Graphics, ďalší získaný software a hardware....

Celý popis

Uložené v:
Podrobná bibliografia
Hlavný autor: Lajčiaková, D.
Médium: Kapitola
Jazyk:Slovak
Predmet:
Tagy: Pridať tag
Žiadne tagy, Buďte prvý, kto otaguje tento záznam!

MARC

LEADER 00000naa a2200000 4500
001 r016351
005 20221205091310.5
041 0 |a slo 
044 |a SK 
245 1 0 |a Rozdielne názory na komerčnú činnosť školy na Strojníckej fakulte STU  |c D. Lajčiaková 
520 |a Rozvoj komerčných aktivít výpočtového strediska Strojníckej fakulty STU Bratislava. Vytvorenie autorizovaného školiaceho strediska s vybavením americkej firmy Autodesk, program AutoCAD, firmy Microsoft, vytvorenie CAD učebne vybavenej 5 stanicami Silicon Graphics, ďalší získaný software a hardware. Spolupráca s podnikmi. Pozitívne i negatívne stanoviská k takto široko koncipovanej komerčnej činnosti na vysokej škole. 
610 2 0 |a činnosť vedľajšia 
610 2 0 |a činnosť hospodárska 
610 2 0 |a školy vysoké 
610 2 0 |a univerzity 
610 2 0 |a Strojnícka fakulta STU Bratislava 
610 2 0 |a strediská výpočtové 
610 2 0 |a CAD 
610 2 0 |a CAM 
610 2 0 |a Autodesk 
610 2 0 |a Silicon Graphics 
610 2 0 |a softvér 
610 2 0 |a hardvér 
100 1 |a Lajčiaková, D.